| 000 | 00384nam a2200145Ia 4500 | ||
|---|---|---|---|
| 008 | 230917s9999||||xx |||||||||||||| ||und|| | ||
| 040 |
_e200425 _aMAIN |
||
| 041 | _aEnglish | ||
| 082 | _a620.11 A32M | ||
| 100 | _aAshby, Michael F | ||
| 245 | 0 | _aMaterials: Engineering, science, processing and design | |
| 260 |
_aNoida _bElsevier India _c2007 |
||
| 300 | _ax, 514 p. | ||
| 942 | _cBK | ||
| 999 |
_c157982 _d157982 |
||